[Event "Berlin-ch Seniors op 31st"]
[Site "Berlin"]
[Date "2015.02.06"]
[Round "8"]
[White "Nietsch, Horst"]
[Black "Haufe, Reinhard"]
[Result "0-1"]
[WhiteElo "1590"]
[BlackElo "1773"]
[PlyCount "50"]
[EventDate "2015.01.29"]
[EventType "swiss"]
[EventRounds "9"]
[EventCountry "GER"]
[SourceTitle "EXT 2018"]
[Source "ChessBase"]
[SourceDate "2017.10.13"]
[SourceVersion "1"]
[SourceVersionDate "2017.10.13"]
[SourceQuality "1"]

1. Nf3 Nf6 2. g3 d6 3. d4 g6 4. Bg2 Bg7 5. 0-0 0-0 6. Nbd2 Nbd7 7. b3 e5 8. dxe5 dxe5 9. Bb2 e4 10. Ne1 e3 11. fxe3 Ng4 12. Bxg7 Nxe3 13. Qc1 Kxg7 14. Qb2+ f6 15. Rf4 Nxg2 16. Nxg2 Ne5 17. Rd4 Qe7 18. Nf4 c5 19. Re4 Bf5 20. Re3 c4 21. Nxc4 Qc5 22. Ng2 Ng4 23. Kf1 Nxe3+ 24. Ncxe3 Bh3 25. b4 Qxe3 0-1

[Event "Berlin-ch Seniors op 31st"]
[Site "Berlin"]
[Date "2015.02.02"]
[Round "4"]
[White "Gehre, Stefan"]
[Black "Nietsch, Horst"]
[Result "1/2-1/2"]
[WhiteElo "1832"]
[BlackElo "1590"]
[PlyCount "22"]
[EventDate "2015.01.29"]
[EventType "swiss"]
[EventRounds "9"]
[EventCountry "GER"]
[SourceTitle "EXT 2018"]
[Source "ChessBase"]
[SourceDate "2017.10.13"]
[SourceVersion "1"]
[SourceVersionDate "2017.10.13"]
[SourceQuality "1"]

1. d4 Nf6 2. c4 e6 3. a3 d5 4. e3 b6 5. Nf3 Bb7 6. Nc3 Nbd7 7. cxd5 exd5 8. Be2 Be7 9. 0-0 0-0 10. Bd2 a6 11. Rc1 Rc8 1/2-1/2

[Event "Hessen-ch Seniors op 10th"]
[Site "Bad Sooden-Allendorf"]
[Date "2014.04.29"]
[Round "4"]
[White "Liphardt, Bodo"]
[Black "Nietsch, Horst"]
[Result "1-0"]
[WhiteElo "1905"]
[BlackElo "1918"]
[PlyCount "89"]
[EventDate "2014.04.26"]
[EventType "swiss"]
[EventRounds "9"]
[EventCountry "GER"]
[SourceTitle "EXT 2018"]
[Source "ChessBase"]
[SourceDate "2017.10.13"]
[SourceVersion "1"]
[SourceVersionDate "2017.10.13"]
[SourceQuality "1"]

1. e4 e6 2. d4 d5 3. e5 c5 4. c3 Nc6 5. Nf3 Qb6 6. Bd3 cxd4 7. cxd4 Nb4 8. 0-0 Nxd3 9. Qxd3 Bd7 10. Nc3 Ne7 11. Rd1 Ng6 12. h4 h6 13. h5 Ne7 14. g4 a6 15. Kg2 g5 16. hxg6 Nxg6 17. Bd2 0-0-0 18. Rdc1 Kb8 19. b3 Ba3 20. Rc2 Rc8 21. Rh1 Bf8 22. Na4 Bxa4 23. Rxc8+ Kxc8 24. bxa4 Kb8 25. Rb1 Qc6 26. Qb3 Be7 27. Rc1 Qd7 28. Ne1 Bg5 29. Bxg5 hxg5 30. Nd3 Nf4+ 31. Nxf4 gxf4 32. Qb6 Rc8 33. Rxc8+ Kxc8 34. Qc5+ Kb8 35. Kf3 Qxa4 36. Qf8+ Ka7 37. Qxf7 Qxd4 38. Qxf4 Qd1+ 39. Kg2 d4 40. g5 Qd3 41. Qg4 Qg6 42. Qxd4+ b6 43. Qd7+ Kb8 44. Qd8+ Kb7 45. Qf6 1-0

[Event "Hessen-ch Seniors op 09th"]
[Site "Bad Sooden-Allendorf"]
[Date "2013.04.27"]
[Round "8"]
[White "Nietsch, Horst"]
[Black "Petzold, Hans"]
[Result "1/2-1/2"]
[WhiteElo "1962"]
[BlackElo "2135"]
[PlyCount "54"]
[EventDate "2013.04.20"]
[EventType "swiss"]
[EventRounds "9"]
[EventCountry "GER"]
[SourceTitle "EXT 2019"]
[Source "ChessBase"]
[SourceDate "2018.10.10"]
[SourceVersion "1"]
[SourceVersionDate "2018.10.10"]
[SourceQuality "1"]

1. Nf3 e6 2. g3 f5 3. Bg2 Nf6 4. c4 Nc6 5. 0-0 b6 6. d3 Bb7 7. Nc3 Be7 8. a3 0-0 9. b4 Qe8 10. b5 Nd8 11. a4 Qh5 12. h3 Nf7 13. e3 g5 14. Nh2 Bxg2 15. Qxh5 Nxh5 16. Kxg2 Ne5 17. Rd1 f4 18. exf4 gxf4 19. Ba3 Bxa3 20. Rxa3 Rf7 21. Ne4 Raf8 22. Ra2 Rg7 23. Rc2 d5 24. cxd5 exd5 25. d4 Nc4 26. Ng4 fxg3 27. fxg3 Rxg4 1/2-1/2

[Event "Hessen-ch Seniors op 08th"]
[Site "Bad Sooden-Allendorf"]
[Date "2012.04.14"]
[Round "1"]
[White "Niebling, Ferdinand"]
[Black "Nietsch, Horst"]
[Result "1/2-1/2"]
[WhiteElo "2166"]
[BlackElo "2002"]
[PlyCount "55"]
[EventDate "2012.04.14"]
[EventType "swiss"]
[EventRounds "9"]
[EventCountry "GER"]
[SourceTitle "EXT 2019"]
[Source "ChessBase"]
[SourceDate "2018.10.10"]
[SourceVersion "1"]
[SourceVersionDate "2018.10.10"]
[SourceQuality "1"]

1. e4 g6 2. d4 Bg7 3. Nf3 d6 4. Nc3 c6 5. h3 Nf6 6. Be3 0-0 7. Qd2 Nbd7 8. Bh6 e5 9. Bxg7 Kxg7 10. 0-0-0 b5 11. dxe5 dxe5 12. Qd6 Qb6 13. Nxe5 Nxe5 14. Qxe5 b4 15. Na4 Qxf2 16. Bd3 Re8 17. Qc7 Be6 18. Rhf1 Qe3+ 19. Kb1 Rac8 20. Qf4 Qxf4 21. Rxf4 c5 22. b3 Nd7 23. Bb5 Re7 24. Bxd7 Bxd7 25. Nb2 Be6 26. e5 g5 27. Rf2 c4 28. bxc4 1/2-1/2

[Event "MVP-ch Seniors op 11th"]
[Site "Binz"]
[Date "2011.12.08"]
[Round "9.40"]
[White "Brandt, Fred"]
[Black "Nietsch, Horst"]
[Result "0-1"]
[WhiteElo "1686"]
[BlackElo "1818"]
[PlyCount "88"]
[EventDate "2011.11.30"]
[EventType "swiss"]
[EventRounds "9"]
[EventCountry "GER"]
[SourceTitle "EXT 2013"]
[Source "ChessBase"]
[SourceDate "2012.11.22"]
[SourceVersion "1"]
[SourceVersionDate "2012.11.22"]
[SourceQuality "1"]

1. d4 e6 2. Nf3 Nf6 3. e3 d5 4. Bd3 b6 5. Nbd2 Bb7 6. 0-0 Nbd7 7. c4 Be7 8. cxd5 exd5 9. b3 0-0 10. Qc2 Rc8 11. Bb2 Re8 12. Bf5 c5 13. dxc5 Rxc5 14. Qd3 Nb8 15. Rfc1 Ba6 16. Qd4 Nc6 17. Qh4 h6 18. Rxc5 bxc5 19. Qa4 Qb6 20. Rb1 Bb5 21. Qf4 Qb8 22. Qh4 a5 23. Qh3 Qd6 24. g4 Bf8 25. g5 Ne4 26. gxh6 Qxh6 27. Qg4 Nxd2 28. Nxd2 Ne5 29. Qg2 Nd3 30. Bxd3 Bxd3 31. Rd1 Qh5 32. Qf3 Qg5+ 33. Qg3 Qf5 34. Qf3 Qxf3 35. Nxf3 Be2 36. Rxd5 Bxf3 37. Rf5 Be4 38. Rg5 Rd8 39. Kf1 Bf3 40. Bc3 Rd1+ 41. Be1 c4 42. Rf5 Be4 43. Ke2 Rxe1+ 44. Kxe1 Bxf5 0-1

[Event "MVP-ch Seniors op 11th"]
[Site "Binz"]
[Date "2011.12.04"]
[Round "5.32"]
[White "Narr, Irmgard"]
[Black "Nietsch, Horst"]
[Result "1/2-1/2"]
[WhiteElo "1596"]
[BlackElo "1818"]
[PlyCount "59"]
[EventDate "2011.11.30"]
[EventType "swiss"]
[EventRounds "9"]
[EventCountry "GER"]
[SourceTitle "EXT 2013"]
[Source "ChessBase"]
[SourceDate "2012.11.22"]
[SourceVersion "1"]
[SourceVersionDate "2012.11.22"]
[SourceQuality "1"]

1. e4 g6 2. d4 Bg7 3. Nf3 d6 4. c3 Nf6 5. Bd3 0-0 6. 0-0 h6 7. Re1 Nbd7 8. Nbd2 e5 9. Nf1 Re8 10. Ng3 Nf8 11. h3 c6 12. Bd2 Kh7 13. Qb3 Rb8 14. Rad1 Qc7 15. Qc2 Be6 16. dxe5 dxe5 17. b3 Rbd8 18. Bc1 Bc8 19. Ba3 Ne6 20. Bc1 b6 21. Bc4 b5 22. Bxe6 Bxe6 23. Rxd8 Rxd8 24. Be3 c5 25. Rd1 Rxd1+ 26. Qxd1 c4 27. b4 Nd7 28. a4 a6 29. a5 Qc6 30. Qd2 1/2-1/2

[Event "GER Cup GrA+B Seniors 1st"]
[Site "Bad Blankenburg"]
[Date "2011.08.22"]
[Round "5"]
[White "Nietsch, Horst"]
[Black "Trefzer, Erhard"]
[Result "1/2-1/2"]
[WhiteElo "1867"]
[BlackElo "1862"]
[PlyCount "32"]
[EventDate "2011.08.18"]
[EventType "swiss"]
[EventRounds "7"]
[EventCountry "GER"]
[SourceTitle "CBM 144 Extra"]
[Source "ChessBase"]
[SourceDate "2011.10.28"]
[SourceVersion "1"]
[SourceVersionDate "2011.10.28"]
[SourceQuality "1"]

1. e4 c5 2. Nf3 e6 3. d4 cxd4 4. Nxd4 Nc6 5. Be3 Nf6 6. Nd2 d5 7. exd5 Nxd5 8. Nxc6 bxc6 9. Bd4 f6 10. Bd3 Qc7 11. Qh5+ g6 12. Qf3 e5 13. Be3 Nxe3 14. Qxe3 Qb6 15. Qf3 Bg7 16. 0-0-0 0-0 1/2-1/2

[Event "GER Cup GrA+B Seniors 1st"]
[Site "Bad Blankenburg"]
[Date "2011.08.19"]
[Round "2"]
[White "Kaufmann, Helmut"]
[Black "Nietsch, Horst"]
[Result "0-1"]
[WhiteElo "1850"]
[BlackElo "1867"]
[PlyCount "92"]
[EventDate "2011.08.18"]
[EventType "swiss"]
[EventRounds "7"]
[EventCountry "GER"]
[SourceTitle "CBM 144 Extra"]
[Source "ChessBase"]
[SourceDate "2011.10.28"]
[SourceVersion "1"]
[SourceVersionDate "2011.10.28"]
[SourceQuality "1"]

1. d4 Nf6 2. Nd2 d5 3. e3 e6 4. Bd3 c5 5. c3 Nc6 6. Ngf3 b6 7. Qe2 Bb7 8. 0-0 Be7 9. h3 0-0 10. dxc5 bxc5 11. e4 Nd7 12. e5 Qc7 13. Re1 Rae8 14. Nf1 f6 15. exf6 Bxf6 16. Bg5 e5 17. Bxf6 Nxf6 18. Bc2 e4 19. N3h2 Kh8 20. Ba4 Re7 21. Ng4 Nxg4 22. Qxg4 Ne5 23. Qg3 Qb6 24. Re2 Ba6 25. Rd2 d4 26. Bb3 Nd3 27. Rb1 Qf6 28. cxd4 cxd4 29. Bc2 Nf4 30. Qa3 Ne2+ 31. Kh1 d3 32. Bd1 Rc7 33. Bxe2 dxe2 34. Ng3 Qxf2 35. Kh2 e1Q 36. Rxf2 Qxf2 37. Qxa6 Qc2 38. Rg1 e3 39. Qe2 Qc5 40. Re1 Re7 41. Qd3 Qe5 42. Qc3 Qxc3 43. bxc3 Rf2 44. Ne2 h5 45. a3 Rc7 46. Kg1 Rc4 0-1

[Event "Hessen-ch Seniors op 07th"]
[Site "Bad Sooden-Allendorf"]
[Date "2011.05.07"]
[Round "8"]
[White "Nietsch, Horst"]
[Black "Schwertel, Johann"]
[Result "1/2-1/2"]
[WhiteElo "1829"]
[BlackElo "1884"]
[PlyCount "43"]
[EventDate "2011.04.30"]
[EventType "swiss"]
[EventRounds "9"]
[EventCountry "GER"]
[SourceTitle "EXT 2012"]
[Source "ChessBase"]
[SourceDate "2011.11.24"]
[SourceVersion "1"]
[SourceVersionDate "2011.11.24"]
[SourceQuality "1"]

1. e4 e6 2. Qe2 d5 3. exd5 Qxd5 4. Nc3 Qa5 5. d4 c6 6. Nf3 Nf6 7. Bd2 Bb4 8. Ne5 0-0 9. Nc4 Qc7 10. g3 Nd5 11. Bg2 Nd7 12. 0-0 N7b6 13. Nxd5 cxd5 14. Bxb4 Nxc4 15. Bxf8 Kxf8 16. b3 Nb6 17. Rac1 Qc3 18. Qd3 Qxd3 19. cxd3 Bd7 20. a4 Ke8 21. f4 g6 22. g4 1/2-1/2